000 00872nam a22002177a 4500
999 _c20008
_d20008
003 AR-CdUCM
008 190524b ||||| |||| 00| 0 spa d
040 _aMUNICIPALIDAD PROVINCIAL DEL CUSCO
_cBIBLIOTECA MUNICIPAL DEL CUSCO
082 _a949.702 /
_bY94
110 _aComite federal de información
_941847
245 _aYugoslavia en el mundo contemporáneo /
260 _aYugoslavia :
_bComite federal de información
_c1976.
300 _a291 páginas ;
_c25 cm.
505 _aContenido : Discurso pronunciado en la primera sesión del recién elegido consejo de federación -- Entrevista con motivo del XXX aniversario de la victoria sobre el fascismo...
650 _aPartidos comunistas
_95694
650 _aPolítica Yugoslavia
_941848
650 _aContinuidad de la revolución
_941849
650 _aPolitica
_9291
942 _2ddc
_cLIBROS
945 _arcc